| 000 | 00499nam a2200205 a 4500 | ||
|---|---|---|---|
| 999 |
_c7230 _d7230 |
||
| 001 | 7230 | ||
| 003 | BD-JhCC | ||
| 005 | 20180206164100.0 | ||
| 008 | 180206s1962 uk |||| |||| 000 0 eng d | ||
| 035 | _a(BD-JhCC) | ||
| 040 |
_aBD-JhCC _dBD-JhCC |
||
| 041 | _aeng | ||
| 082 |
_a823.912 _bHAR 1962 |
||
| 100 | _aHardy, Thomas | ||
| 245 |
_aThe Woodlanders / _cThomas Hardy |
||
| 260 |
_aLondon: _bMacmillan & Co Ltd; _c1962 |
||
| 300 |
_a473 p;, _c20 cm |
||
| 650 | _aShort stories | ||
| 942 |
_2ddc _cBK |
||